[Event "GCT Rapid YourNextMove"]
[Site "Leuven BEL"]
[Date "2018.06.13"]
[Round "4"]
[White "So, Wesley"]
[Black "Giri, Anish"]
[Result "1-0"]
[WhiteElo "2778"]
[BlackElo "2782"]
[EventDate "2018.06.12"]
[Annotator "Bojkov,Dejan"]
[PlyCount "113"]
[Beauty "6599485693448"]
[EventType "rapid"]
[EventCountry "BEL"]

1.c4 {The English opening is a popular choice at this rapid and blitz event.} 1...Nf6 2.g3 e5 3.Bg2 d5 4.cxd5 Nxd5 5.Nc3 Nb6 6.Nf3 Nc6 7.d3 Be7 8.O-O O-O 9.Be3 Be6 ( {Another viable option is} 9...Re8 {in order to prepare the knight jump to d4 after Be7-f8.} ) 10.Rc1 Nd5 ( {Black can also choose a more aggressive setup with} 10...f5 11.a3 Kh8 12.b4 a6 13.Re1 Qe8 14.Qd2 Bd6 15.Bxb6 cxb6 16.d4 exd4 17.Nxd4 Rd8 18.Nxe6 Qxe6 19.Qa2 Qh6 {as in Aronian,L (2809)-Harikrishna,P (2737) Geneva 2017} ) 11.Nxd5 Bxd5 12.Qc2 Re8 ( {The bishp is doomed after} 12...Bxa2 $2 13.b3 Nb4 14.Qb2 ) 13.a3 a6 $146 {An useful move and a novelty. Stricktly speaking the position is equal but the impression is that White's life is easier. He brings his king's rook to d1 and prepares d3-d4, or he may maneuver his knight to c5.} ( {An correspondence predecessor saw Black holding his own after} 13...Qd7 14.Nd2 Rad8 15.Bxd5 Qxd5 16.b4 a5 17.bxa5 Bxa3 18.Rb1 Bb4 {Shields,G (2355)-Castellano,L (2316) corr. 2013} ) 14.Rfd1 Bf6 $6 {The bishop is not ideally placed here.} ( 14...Bd6 $5 {looks more precise to me. The difference is that after} 15.Nd2 ( 15.d4 e4 ) 15...Bxg2 16.Kxg2 {Black has the good move} 16...Nd4 {since the pawn on c7 is defended.} ) 15.Nd2 Bxg2 ( {Perhps Black should have simply retreated} 15...Be7 ) 16.Kxg2 Bg5 ( {Here} 16...Nd4 {leads to favorable endgame for White after} 17.Bxd4 exd4 18.Qxc7 Rxe2 19.Qxd8+ Rxd8 20.Rc7 ) 17.Bxg5 Qxg5 18.e3 {Now So can claim a certain advantage. Nothing can stop his knight from marching to c5 when the difference beteween the activity of the pieces will become frightening.} ( {Similar is} 18.Ne4 Qf5 19.e3 {with advantage for White.} ) 18...Qe7 19.Ne4 Rac8 ( {Or} 19...Rab8 20.Nc5 Nd8 21.d4 ) 20.Nc5 Nd8 21.d4 $1 {The perfect time to open the center. Black is not prepared for this at all.} 21...e4 {Another inaccuracy. There is just no time for this.} ( {The best try was} 21...exd4 22.Rxd4 Qf6 {with the idea Nd8-e6, although Black is clearly worse here as well.} ( {Rather than the immediate} 22...Ne6 23.Rd7 Qf6 24.Nxe6 Qxe6 25.Rxc7 ) ) 22.d5 {It seems as White intends Rd1-d4 to harass the e4 pawn, which might explain Giri's next move.} 22...f5 {This also intends to bring the knight back into life with Nd8-f7. But now So uncorks a lovely little tactic:} 23.Nxa6 $1 {It becomes clear that all the black pieces became huge targets.} 23...Nf7 ( {Since} 23...bxa6 24.d6 {drops one of the black rooks.} ) 24.d6 $1 {This move nevertheless.} ( {Although there was nothing wrong with} 24.Nxc7 {as Black cannot exploit the pin:} 24...Nd6 ( 24...Red8 25.Qc5 ) 25.Qc5 Red8 26.Qa5 ) 24...Nxd6 ( {The rooks do whatever they want after} 24...cxd6 25.Qxc8 Rxc8 26.Rxc8+ Nd8 27.Nb4 Kf7 28.Nd5 Qg5 29.Rc7+ ( {Or} 29.h4 ) 29...Ke8 30.Re7+ ) 25.Nxc7 Red8 26.Qb3+ Qf7 27.Ne6 ( 27.Qb6 $5 ) 27...Rxc1 ( {Or} 27...Re8 28.Rxc8 Nxc8 29.Nc5 {with a won endgame.} ) 28.Rxc1 Re8 29.Nd4 Qxb3 30.Nxb3 Kf7 31.Nd4 {So won a pawn and kept the better pieces. Next he calmy converts the advantage.} 31...g6 32.Rc3 {Bringing the rook to an even better position.} 32...Kf6 33.Rb3 Re7 34.a4 Ke5 35.a5 Kd5 36.Rb6 Rf7 ( 36...Nc4 37.Rb5+ Kd6 38.b3 ) 37.b3 g5 38.a6 bxa6 39.Rxa6 {A passer was created.} 39...Nb7 ( 39...f4 40.Ra5+ ) 40.Rb6 Nd6 41.Ra6 Nb7 42.Rh6 $1 {Played in accordance with the principle of the two weaknesses.} 42...Nd6 ( {Perhaps Giri should have tried} 42...Nc5 43.Rh5 Ne6 {although White should be winning the rook endgame after} 44.Nxe6 Kxe6 45.Rxg5 Rb7 46.g4 fxg4 47.Rxg4 Kf5 48.Rf4+ Ke5 49.Rh4 ) 43.Rh5 Rg7 44.Rh6 Rf7 45.Rh5 Rg7 46.h4 gxh4 47.Rxh4 ( {But not} 47.Nxf5 Nxf5 48.Rxf5+ Kd6 $1 {with excellent chances for a draw for Black.} ) 47...Ke5 48.Rh6 Rf7 49.Rh5 Kf6 50.Rh6+ Ke5 51.Kh3 $1 {Not forgetting the king neither.} 51...Rb7 52.Rh5 Kf6 53.Rh6+ Ke5 54.Kh4 Nb5 55.Ne2 Re7 ( {The line:} 55...Nd6 56.Nf4 Rxb3 57.Re6# {is pretty!} ) 56.g4 Nd6 57.Nd4 ( 57.Nd4 Rd7 58.Rh5 {and Black loses another pawn.} ) 1-0

[Event "Paris Grand Chess Tour"]
[Site "Paris"]
[Date "2018.06.23"]
[Round "18.5"]
[White "Mamedyarov, Shakhriyar"]
[Black "Karjakin, Sergey"]
[Result "1-0"]
[WhiteElo "2788"]
[BlackElo "2785"]
[EventDate "2018.??.??"]
[Annotator "Bojkov,Dejan"]
[PlyCount "145"]
[Beauty "5704521906233"]
[EventType "team-tourn"]
[EventCountry "FRA"]

1.d4 Nf6 2.c4 e6 3.Nf3 d5 4.Nc3 Be7 5.Bf4 {Mamedyarov's pet line against the QGD. Many of the interesting ideas are based on his games.} 5...O-O 6.e3 Nbd7 7.g4 {In blitz and rapid the Azeri GM can try something funky.} ( {In slow games he playes safer-} 7.Qc2 c5 8.Rd1 cxd4 9.Rxd4 Qa5 10.Bg3 Nb6 11.Nd2 dxc4 12.Bxc4 Nxc4 13.Nxc4 Qa6 14.O-O Rd8 15.Rxd8+ Bxd8 16.Ne5 Bd7 17.Nxd7 Nxd7 18.Rd1 Nf6 19.Qd3 Qxd3 20.Rxd3 Rc8 {and White did not get much in Mamedyarov,S (2814)-Giri,A (2777) Shamkir 2018} ) 7...dxc4 8.Bxc4 c5 9.g5 Nh5 10.Bg3 {Mamedyarov improves on his own game.} ( {Instead Black was very solid after:} 10.Be5 a6 11.Bd3 g6 12.h4 Nxe5 13.dxe5 b5 {Mamedyarov,S (2746) -Anand,V (2817) Bastia 2011 EXT 2012} ) 10...g6 {Here and on the next moves Karjakin could have risked and taken the pawn.} ( {One idea was:} 10...Nb6 11.Be2 ( 11.Bd3 cxd4 12.Nxd4 g6 ) ( 11.Qe2 Nxc4 12.Qxc4 cxd4 ) 11...cxd4 12.Nxd4 Nxg3 13.hxg3 Bxg5 {White has compensation for a pawn, but Black looks good too.} ) 11.Qe2 cxd4 ( {Now} 11...Nb6 {is not good to} 12.dxc5 ) 12.Nxd4 Nb6 13.Bb3 {White keeps the valuable bishop.} ( {Rapid development} 13.O-O-O $5 {made sense as well.} ) 13...Bb4 ( {The last moment in which the pawn could have been taken was here-} 13...Bxg5 14.Rd1 ( 14.O-O-O ) 14...Nxg3 15.hxg3 Qe7 16.f4 Bf6 17.Qh2 {although White's position is easier to play, especially in blitz.} ) 14.Nf3 Bd7 {A normal developning move. Karjakin successfully passed the opening phase.} ( 14...Bxc3+ $5 15.bxc3 Qe7 {was also OK for Black.} ) 15.Rd1 Qe7 16.O-O {Finally Mamedyarov abandons the mating ambitions along the h-file.} 16...Nxg3 {And Karjakin takes care of the bishop pair.} 17.hxg3 Bc6 ( {Another excellent option was} 17...Bxc3 $5 18.bxc3 Rac8 {with the idea Rc8-c5.} ) 18.Nb5 {Black is given another chance to snack with the g5 pawn.} 18...Rfd8 {And it is once more rejected.} ( {Although} 18...Bxf3 19.Qxf3 Qxg5 20.Nd4 Qe7 21.Kg2 Rad8 {seems good for Black. Apparently Karjakin did not like the idea of giving his opponent any files. Mamedyarov's reputation is famous.} ) 19.Nbd4 Be4 {An inaccuracy.} ( 19...Be8 {was called for.} ) 20.Bc2 {Which White did not use.} ( {Strong was} 20.Ne5 $1 {intending Ne5-g4-f6 with the tactical point} 20...Qxg5 $2 21.Nxf7 $1 Kxf7 22.Nxe6 {and wins.} ) 20...Bd5 {Karjakin is getting ambitious.} ( 20...Bxc2 21.Nxc2 Bc5 22.Kg2 {was about equal.} ) 21.e4 Bxa2 {Risky, but the white pieces are no better.} 22.b3 e5 $1 {Trapping the knight.} ( {There was a safer road:} 22...Bc3 {but it is safer for both the players after} 23.Nb5 ( {Or} 23.Rd3 Rac8 24.Nb5 ) 23...Bg7 24.Rxd8+ Rxd8 25.Nxa7 Nc8 26.Nb5 Qb4 27.Rd1 Rxd1+ 28.Qxd1 Qxb5 29.Qd8+ Bf8 30.Qxc8 Bxb3 31.Bxb3 Qxb3 32.Ne5 {when the draw seems like the most likely result.} ) 23.Nf5 $1 {White had apparently planned this in advance.} ( {Since} 23.Nb5 Rxd1 24.Rxd1 a6 {is very bad for White.} ) 23...gxf5 24.exf5 e4 $1 {An excellent spoiler.} ( {With few seconds on the clock Black can easily get checkmated. For example} 24...a5 {to free the bishop with a5-a4 allows blitzkrieg-} 25.f6 Qe6 26.Qe4 Kf8 27.Qxh7 Ke8 28.Qh8+ Bf8 29.Rxd8+ ( {Or the immediate} 29.g6 fxg6 30.Bxg6+ ) 29...Rxd8 30.g6 {and White wins.} ) 25.f6 $1 {Best again.} ( {There is nothing to play for after} 25.Bxe4 $2 Rxd1 26.Rxd1 Re8 ) 25...Qe6 {Karjakin slips and presented his opponent with valuable tempo!} ( {Correct was} 25...Qe8 {away from the knight, when a sample line goes like this:} 26.Nd4 Nd5 27.Bxe4 Bxb3 28.Nxb3 Nc3 29.Bxh7+ Kxh7 30.Qh5+ Kg8 31.Rde1 Qb5 32.Qg4 Rd5 33.g6 Rg5 34.gxf7+ Kxf7 35.Qe6+ Kf8 36.f7 Kg7 37.Qe8 Qd3 38.Qxa8 Rxg3+ 39.fxg3 Qxg3+ 40.Kh1 Qh3+ {with perpetual :)} ) 26.Nd4 Qh3 {Trying to hold the kingside with her Majesty.} ( {Objectively better was} 26...Qe5 {although I have serious doubts that Black can survive after} 27.f4 Qe8 28.Kg2 Nd5 29.Rh1 Bf8 30.Bxe4 ) 27.Bxe4 Re8 28.Qf3 {Suddenly, the black queen is in danger. Be4-f5 is a killer threat.} 28...Nd7 {The only way to stay in the game. Karjakin gives back the knight.} ( {Since the queen cannot leave-} 28...Qd7 29.Bf5 Qc7 30.Qh5 {and mate.} ) 29.Bf5 Ne5 30.Qe2 Ng4 31.Bxg4 {Best.} ( {Worse was} 31.Qxg4 Qxg4 32.Bxg4 Rad8 ) 31...Rxe2 32.Bxh3 Re5 ( {White is close to won after} 32...Rb2 33.Kg2 Bxb3 34.Nxb3 Rxb3 35.Bf5 ) 33.Rd3 {The complications ended favorably for White, but Karjakin defends in his trademark style.} ( 33.Nf5 $5 {was excellent too.} ) 33...Rd8 34.Ra1 Bc5 35.Rxa2 Rxd4 ( {Avoiding the dead pin after} 35...Bxd4 $2 36.Rad2 Red5 37.Kf1 ) 36.Rxd4 Bxd4 37.Rd2 Bb6 38.Rc2 Rc5 {Only here does Black slip.} ( {Instead} 38...h6 $1 39.gxh6 ( {If} 39.Rc8+ Kh7 40.Bf1 Rd5 ) 39...Kh7 {would ahve most likely ended in a draw.} ) 39.Re2 h5 ( {It is too late for} 39...h6 40.Re8+ Kh7 41.Bg2 Kg6 42.Rg8+ Kh7 43.Rg7+ Kh8 44.g6 {and wins.} ) 40.Bg2 ( {Or} 40.Re8+ Kh7 41.Bg2 ) 40...Kf8 41.Bh3 {Misses the win.} ( 41.Bxb7 $1 {would not only have grabbed the pawn, but would have secured a deadly diagonal for the bishop after} 41...Rxg5 42.Bc6 Kg8 43.Re8+ Kh7 44.Be4+ Kh6 45.Rh8# ) 41...Rxg5 {Both players entered the clock-breaking part when anything is possible.} 42.Bd7 Kg8 43.Re7 {What?} 43...Rd5 ( {Missing the simple} 43...Rxg3+ $1 44.Kf1 Rf3 {that rips a bunch of pawns.} ) 44.Be8 Rf5 45.Bxf7+ Kf8 46.Bc4 Rxf6 ( {Safer was} 46...Rxf2 47.Rf7+ Ke8 48.Kh1 Bd4 {with a draw.} ) 47.Re2 {Now White can push a bit.} 47...Bc5 48.Kg2 b6 49.f3 Rg6 50.Re5 Bd6 51.Rf5+ Kg7 52.f4 h4 53.Rf7+ Kh6 54.Kh3 {Mesmirized both players keep playing and both of them clearly try to avoid the draw.} 54...hxg3 ( 54...Rxg3+ 55.Kxh4 Rg7 {would be even.} ) 55.Kg2 Rg4 56.Rf6+ Rg6 57.Rf7 Rg4 58.f5 {Time to gamble!} 58...Be5 ( {Black should have called it a bluff} 58...Rd4 $1 {for a reason.} ) 59.Re7 Re4 $4 {And the gamble pays off!} ( 59...Bf6 {was still a draw.} ) 60.f6 {The pin wins for White.} 60...Rf4 ( {There is no draw after} 60...Rxc4 61.bxc4 Bxf6 62.Rxa7 {neither.} ) 61.Rxe5 Rxf6 62.Re7 a5 63.Kxg3 Kg5 64.Re5+ Rf5 65.Rxf5+ Kxf5 {Mamedyarov converted the extra piece after} 66.Kf3 Ke5 67.Ke3 Kd6 68.Kd4 Kc6 69.Be2 b5 70.Bf3+ Kb6 71.Bg2 a4 ( 71...b4 72.Kc4 ) 72.b4 Ka6 73.Kc5 1-0

[Event "Your Next Move Grand Chess"]
[Site "Tours"]
[Date "2018.06.16"]
[Round "24.1"]
[White "Anand, Viswanathan"]
[Black "Nakamura, Hikaru"]
[Result "0-1"]
[WhiteElo "2775"]
[BlackElo "2803"]
[EventDate "2018.??.??"]
[Annotator "Bojkov,Dejan"]
[PlyCount "98"]
[Beauty "7014755342418"]
[EventType "game"]
[EventCountry "FRA"]

1.e4 d6 2.d4 g6 3.Nc3 Bg7 4.f4 a6 {The Modern is an excellent choice for a blitz tournament.} 5.Nf3 b5 6.Bd3 Nd7 7.a4 ( {The alternative is the immediate:} 7.e5 c5 8.Be4 Rb8 9.Be3 b4 10.Ne2 Nh6 11.dxc5 Nxc5 12.Bxc5 dxc5 13.Bc6+ Bd7 14.Qd5 Rc8 15.Bxd7+ Qxd7 16.Qxd7+ Kxd7 17.O-O-O+ {as in another blitz game- Yu,Y (2760)-Adhiban,B (2655) chess.com INT 2018} ) 7...b4 8.Ne2 c5 9.c3 Bb7 10.O-O Ngf6 11.e5 Nd5 12.Bd2 $146 ( {A predecessor headed to a highly imbalanced game after:} 12.e6 fxe6 13.Ng5 Nf8 14.Qc2 cxd4 15.c4 Ne3 16.Bxe3 dxe3 17.Nxh7 Nxh7 18.Bxg6+ Kd7 19.Bxh7 Qb6 {Baltic,F (2210)-Miroshnichenko,P (2294) Warsaw 2017} ) 12...bxc3 13.bxc3 cxd4 14.cxd4 O-O {Anand seized the center and now thinks how to develop an attack on the kingside.} 15.Ng3 ( {Still, it seems as that the restrictive} 15.a5 $1 ) ( {or the preliminary} 15.Rb1 $5 Rb8 16.a5 {were the better choices.} ) 15...a5 $1 {Now Nakamura secures some squares for his pieces on the queenside. From there they can knock down the opponent's attackers.} 16.Kh1 Nb4 17.Be4 {A risky choice!} ( {But otherwise Black is doing perfectly fine after} 17.Bb5 dxe5 18.dxe5 Nc5 ) 17...d5 $1 {Normally Black will be happy to swap pieces as this will weaken White's potential attack, but Nakamura felt out that it should not work.} 18.Bb1 Ba6 19.Re1 e6 {A critical moment of the game. The white pieces were blunted and Black is ready to seize further space on the opposite wing. It is do or die moment.} 20.f5 $1 {Anand's giant understanding of the game tells him to open up the kingside no matter what the price.} 20...exf5 21.Nxf5 gxf5 22.Bxf5 h6 23.Ra3 {Brining more pieces into the action.} ( {Instead} 23.e6 fxe6 24.Bxe6+ Kh8 25.Bxb4 axb4 26.Bxd5 {would had won a pawn, or two, but would have lost the initiative for good. Black will have excellent winning chances after} 26...Ra7 ) 23...Bc8 $1 {Nakamura too demonstrates his tremendous defesive skills. The lurking bishop is trickier than it seems.} 24.Ng5 Nb6 {Playing it as safe as possible, but now it is anyone's game.} ( {Strong was} 24...hxg5 $1 {for example} 25.Qh5 ( {or} 25.Rg3 Nxe5 $1 {uncovering the bishop again} 26.Bxg5 f6 27.Bh6 Ra7 ) 25...Nf6 $1 26.exf6 Bxf5 27.fxg7 Kxg7 {when Black repels the attack.} ) 25.Bh7+ Kh8 26.Qh5 {The same policy of bringing the bad guys around the black king.} ( {There was an argument for} 26.Bb1 $1 {though. This piece is a vaulable attacker and White often threatens to build a battery along the b1-h7 diagonal. One can spend some hours analyzing this position, rich both tactically and positionally. One sample line goes} 26...Qe7 $5 27.Rg3 ( {Here} 27.Bxb4 axb4 28.Qd3 {does not work since} 28...f5 29.exf6 {leaves the rook hanging} 29...Qxe1+ ) 27...Nc4 28.Nh7 {when Black has to be extremely careful:} 28...Re8 {for instance loses after} ( {Stronger is} 28...Ra6 $1 29.Bxb4 axb4 30.Nf6 Rxf6 31.exf6 Qxf6 32.Qd3 Qf5 33.Qxf5 Bxf5 34.Bxf5 Bxd4 {which might realistically end in a draw.} ) ( {Or} 28...Nxd2 $5 29.Qxd2 Ra6 30.Rf1 Rg8 {although White can play further for a win now with} 31.Rxg7 $3 ( 31.Nf6 Qf8 ) 31...Rxg7 32.Nf6 {despite the rook less.} ) 29.Bxh6 $3 Bxh6 30.Qh5 Ra6 31.Ng5 ) 26...f6 {This tuns out to be wrong.} ( {The computer indicates the cold-blooded} 26...Nc4 $1 27.Rg3 Nxd2 28.Nxf7+ Rxf7 29.Qxf7 Qf8 {when the attack is over.} ) 27.exf6 {Not bad at all, and sufficient for large advantage.} ( {Anand missed the brilliant:} 27.Ne6 $3 Bxe6 28.Bxh6 $1 {with a win, for example:} 28...Rf7 ( 28...Kxh7 29.Bxg7+ Kxg7 30.Rg3+ Bg4 31.Rxg4# ) 29.Bxg7+ Kxg7 ( {Black is getting checkmated after} 29...Rxg7 30.Bf5+ Kg8 31.Bxe6+ Kf8 32.Rg3 $1 ) 30.Rg3+ Kf8 31.Rg8+ ) 27...Qxf6 28.Rf3 Bg4 $1 {The only move with the idea to defend the back rank.} ( {Or else Black is getting mated after} 28...Qd8 29.Nf7+ Kxh7 ( 29...Rxf7 30.Rxf7 ) 30.Bxh6 ) ( {Or} 28...Qxd4 29.Rxf8+ Bxf8 30.Qg6 ) 29.Qxg4 Qxd4 30.Nf7+ ( {Or} 30.Bf4 $1 {with a huge attack since Black can never capture the knight on g5:} 30...Rae8 ( 30...hxg5 31.Bg6 $1 ) 31.Ref1 hxg5 32.Qh5 ) 30...Kxh7 ( {The endgame after} 30...Rxf7 31.Qxd4 Bxd4 32.Rxf7 {is lost for Black.} ) 31.Qf5+ Kg8 32.Nxh6+ Kh8 ( {The knight is invincible:} 32...Bxh6 33.Qe6+ Kh7 34.Qxh6+ Kg8 35.Rg3+ Kf7 36.Qg6# ) 33.Nf7+ Kg8 34.Nh6+ Kh8 35.Nf7+ Kg8 36.Bc3 $1 {Once again Anand correctly evaluates the situation and seeks the full point.} 36...Qxc3 37.Rxc3 Rxf7 38.Qe6 {Hallucination!} ( {Instead} 38.Qg6 $1 Raf8 39.Rf3 Nd7 40.Rxf7 Rxf7 41.Re8+ Nf8 42.g3 {would have left Black suffering. The three pieces are usually better than the queen, but here the black king is weak, and so is the whole position.} ) 38...Bxc3 39.Rf1 {This makes things even worse for White.} ( 39.Qg6+ Bg7 40.Qxb6 {was called for, although it is only Black who can win now.} ) 39...Rf8 ( 39...Ra7 {was good as well.} ) 40.g4 Nd7 $1 ( {There is absolutely no need to give up the knight with} 40...Kg7 41.Rxf7+ Rxf7 42.Qxb6 ) 41.g5 Nc5 {Black has way too much material now.} 42.Qg6+ Bg7 43.Rxf7 Rxf7 44.h4 Nbd3 45.h5 Nf4 46.Qc6 Ne4 47.h6 Bf8 48.g6 Rf6 49.h7+ Kh8 ( 49...Kh8 50.Qa8 Nxg6 ) 0-1